000 01101nam a2200217Ia 4500
999 _c38435
_d38435
001 4446
003 GE_BSU
005 20190514211015.0
008 181216s1998||||ge |||||||||||||| ||geo||
040 _cGE_BSU
041 _ageo
080 _a624(072) უ–73
100 _aუსტიაშვილი, კობა
_91166
245 _aმეთოდური სახელმძღვანელო ლაბორატორიული სამუშაოების შესასრულებლად გრუნტების მექანიკაში /
_cკობა უსტიაშვილი ; თეიმურაზ ქიქავა ; რედ : იბრაიმ დიდმანიძე.
264 _aბათუმი :
_bაჭარა,
_c1998.
300 _a45 გვ. ;
_bილ ;
_c20 სმ.
653 _aგრუნტების მექანიკა
700 _aქიქავა,თეიმურაზ
_91167
700 _aდიდმანიძე, იბრაიმ
_eრედაქტორი
_91168
942 _cBK
_2udc